000 01126nam a22003497a 4500
003 CHAP
005 20220329143559.0
008 100624s1988 mx a r 00010 spa d
010 _a98805
011 _a99777
020 _a9684610882
035 _a110463
040 _cCHAP
082 1 4 _a581.634
_bUs6
100 1 _aHoogesteger, Cornelio.
_956159
245 1 0 _aUso de plantas medicinales
_c/por Cornelio Hoogesteger
260 _aMéxico D.F. :
_bÁrbol,
_c1988
300 _a173 p. :
_bilus.
490 _aCántaro
590 _aBATCH-UPD
_b10
_c20130110
_lUCH01
_h1137
590 _aBATCH-UPD
_b10
_c20130410
_lUCH01
_h0724
590 _aBATCH-UPD
_b10
_c20130914
_lUCH01
_h0743
590 _aCONVERSION
_b10
_c20130109
_lUCH01
_h1355
650 1 4 _aBotánica médica.
_914680
650 1 4 _aMedicina tradicional.
_973921
650 1 4 _aTerapéutica fisiológica.
_9112346
830 0 _aCántaro
_924027
901 _aBK
942 _cLIBRO
949 _a581.634 Us6
_bBC
_cLIBRO
_d33724002178025
_eLIBRO
_gI.c/e
_h112927
_i110463
_si
949 _a581.634 Us6
_bBC
_cLIBRO
_d33724002236686
_eLIBRO
_fc.2
_gDonaciØn
_h114230
_i110463
_sb
999 _c98805
_d98805